[Event "SLO-chT1 West"]
[Site "Slovenia"]
[Date "2016.12.09"]
[Round "7"]
[White "Rebernik, Bostjan"]
[Black "Tratar, Marko"]
[Result "0-1"]
[WhiteElo "2106"]
[BlackElo "2449"]
[PlyCount "54"]
[EventDate "2016.11.11"]
[EventType "team-tourn"]
[EventRounds "9"]
[EventCountry "SLO"]
[SourceTitle "EXT 2018"]
[Source "ChessBase"]
[SourceDate "2017.10.13"]
[SourceVersion "1"]
[SourceVersionDate "2017.10.13"]
[SourceQuality "1"]
[WhiteTeam "Domzale"]
[BlackTeam "Ljubljana Duol"]
[WhiteTeamCountry "SLO"]
[BlackTeamCountry "SLO"]

1. e4 e6 2. d4 d5 3. Nc3 Bb4 4. e5 b6 5. Qg4 Bf8 6. Nf3 Qd7 7. h4 Ne7 8. h5 h6 9. Qf4 Ba6 10. Bd2 Bxf1 11. Rxf1 c5 12. 0-0-0 c4 13. g4 b5 14. g5 hxg5 15. Nxg5 Nf5 16. Ne2 Rxh5 17. Rh1 Rxh1 18. Rxh1 Nc6 19. c3 0-0-0 20. Ng3 f6 21. Nf3 fxe5 22. Nxe5 Nxe5 23. dxe5 Nxg3 24. fxg3 Bc5 25. Be3 Rf8 26. Bxc5 Rxf4 27. gxf4 Qf7 0-1

[Event "SLO-chT1 West"]
[Site "Ljubljana"]
[Date "2010.10.08"]
[Round "4.5"]
[White "Rebernik, Bostjan"]
[Black "Ciglic, Boris"]
[Result "1-0"]
[WhiteElo "2099"]
[BlackElo "2119"]
[PlyCount "77"]
[EventDate "2010.09.24"]
[EventType "team-tourn"]
[EventRounds "9"]
[EventCountry "SLO"]
[SourceTitle "CBM 138 Extra"]
[Source "ChessBase"]
[SourceDate "2010.10.29"]
[SourceVersion "1"]
[SourceVersionDate "2010.10.29"]
[SourceQuality "1"]
[WhiteTeam "Domzale"]
[BlackTeam "Gorenjka Lesce"]
[WhiteTeamCountry "SLO"]
[BlackTeamCountry "SLO"]

1. e4 c5 2. Nf3 d6 3. d4 cxd4 4. Nxd4 Nf6 5. Nc3 g6 6. Be3 Bg7 7. f3 Nc6 8. Qd2 0-0 9. Bc4 Bd7 10. h4 Rb8 11. 0-0-0 Nxd4 12. Bxd4 b5 13. Bb3 a5 14. e5 Ne8 15. exd6 e5 16. Be3 a4 17. Bg5 Qa5 18. Bd5 Nxd6 19. Ne4 Qxd2+ 20. Rxd2 Nxe4 21. fxe4 Bg4 22. Rf1 Be6 23. Bxe6 fxe6 24. Rxf8+ Bxf8 25. Rd8 Rxd8 26. Bxd8 Kf7 27. Kd2 Bc5 28. Bg5 Bf2 29. Kd3 Ke8 30. c4 b4 31. h5 Kd7 32. hxg6 hxg6 33. Be3 Bxe3 34. Kxe3 Kc6 35. a3 Kc5 36. Kd3 bxa3 37. bxa3 Kd6 38. Kc3 Kc5 39. g3 1-0

[Event "SLO-chT Central Superliga 11th"]
[Site "Slovenia"]
[Date "2010.10.07"]
[Round "4.4"]
[White "Skok, Boris"]
[Black "Rebernik, Bostjan"]
[Result "1/2-1/2"]
[WhiteElo "2082"]
[BlackElo "2099"]
[PlyCount "25"]
[EventDate "2010.09.09"]
[EventType "team-tourn"]
[EventRounds "9"]
[EventCountry "SLO"]
[SourceTitle "EXT 2022"]
[Source "ChessBase"]
[SourceDate "2021.10.06"]
[SourceVersion "1"]
[SourceVersionDate "2021.10.06"]
[SourceQuality "1"]
[WhiteTeam "Komenda Popotnik"]
[BlackTeam "Domzale SD"]
[WhiteTeamCountry "SLO"]
[BlackTeamCountry "SLO"]

1. d4 Nf6 2. c4 g6 3. Nc3 Bg7 4. e4 d6 5. Nf3 0-0 6. Be2 e5 7. Be3 exd4 8. Nxd4 Re8 9. f3 c6 10. Qd2 d5 11. exd5 cxd5 12. Rd1 dxc4 13. Bxc4 1/2-1/2

[Event "SLO-chT1a West"]
[Site "Ljubljana"]
[Date "2009.10.17"]
[Round "8.5"]
[White "Rebernik, Bostjan"]
[Black "Kozarski, Filip"]
[Result "1/2-1/2"]
[WhiteElo "2106"]
[BlackElo "1916"]
[PlyCount "78"]
[EventDate "2009.10.09"]
[EventType "team-tourn"]
[EventRounds "9"]
[EventCountry "SLO"]
[SourceTitle "EXT 2012"]
[Source "ChessBase"]
[SourceDate "2011.11.24"]
[SourceVersion "1"]
[SourceVersionDate "2011.11.24"]
[SourceQuality "1"]
[WhiteTeam "Domzale"]
[BlackTeam "Komenda"]
[WhiteTeamCountry "SLO"]
[BlackTeamCountry "SLO"]

1. e4 d6 2. d4 Nf6 3. f3 Nbd7 4. c4 g6 5. Nc3 Bg7 6. Be3 c5 7. Nge2 a6 8. Qd2 Qc7 9. Rc1 Rb8 10. Ng3 Qa5 11. a4 0-0 12. d5 Nb6 13. b3 Qb4 14. Qc2 Na8 15. Be2 Bd7 16. Bd2 Qb6 17. 0-0 Qd8 18. Ra1 b6 19. Rfb1 Nc7 20. b4 cxb4 21. Rxb4 a5 22. Rbb1 Na6 23. Nb5 Bxb5 24. axb5 Nc5 25. Bc3 Qc7 26. Qb2 Ne8 27. Bxg7 Nxg7 28. f4 f5 29. exf5 Nxf5 30. Nxf5 Rxf5 31. g3 Rbf8 32. Ra3 R5f6 33. Qd4 Qd7 34. Re1 Qh3 35. Bf1 Rxf4 36. gxf4 Qxa3 37. Rxe7 Rf7 38. Re8+ Rf8 39. Re7 Rf7 1/2-1/2

[Event "SLO-chT1a West"]
[Site "Ljubljana"]
[Date "2009.10.16"]
[Round "6.4"]
[White "Kosmac, Blaz"]
[Black "Rebernik, Bostjan"]
[Result "1-0"]
[WhiteElo "2164"]
[BlackElo "2106"]
[PlyCount "85"]
[EventDate "2009.10.09"]
[EventType "team-tourn"]
[EventRounds "9"]
[EventCountry "SLO"]
[SourceTitle "EXT 2012"]
[Source "ChessBase"]
[SourceDate "2011.11.24"]
[SourceVersion "1"]
[SourceVersionDate "2011.11.24"]
[SourceQuality "1"]
[WhiteTeam "Kranj Tomo Zupan"]
[BlackTeam "Domzale"]
[WhiteTeamCountry "SLO"]
[BlackTeamCountry "SLO"]

1. e4 c5 2. Nc3 Nc6 3. g3 g6 4. Bg2 Bg7 5. d3 d6 6. Be3 e6 7. Qd2 Nd4 8. Nd1 Ne7 9. c3 Ndc6 10. Bh6 Bxh6 11. Qxh6 Ne5 12. Qd2 c4 13. dxc4 Nxc4 14. Qd4 Ne5 15. f4 N7c6 16. Qd2 Nc4 17. Qd3 Nb6 18. Ne3 0-0 19. 0-0-0 d5 20. exd5 exd5 21. Nf3 Qe7 22. f5 Qe4 23. Rhe1 gxf5 24. Qb5 Qe6 25. Nxd5 Qh6+ 26. Nf4 Be6 27. Nh4 Qg5 28. Kb1 Rfe8 29. Bh3 Re7 30. Bxf5 Bxf5+ 31. Nxf5 Rxe1 32. Rxe1 Qd8 33. Qe2 Kh8 34. Nh5 Nd5 35. Nh6 Qf8 36. Qd2 Rd8 37. c4 Nf6 38. Qg5 Nxh5 39. Qxh5 Rd7 40. Qf5 Re7 41. Qf6+ Qg7 42. Qxg7+ Kxg7 43. Nf5+ 1-0

[Event "SLO-chT Central Superliga 10th"]
[Site "Slovenija"]
[Date "2009.10.01"]
[Round "3.4"]
[White "Debevec, Blaz"]
[Black "Rebernik, Bostjan"]
[Result "1/2-1/2"]
[WhiteElo "2012"]
[BlackElo "2106"]
[PlyCount "101"]
[EventDate "2009.09.17"]
[EventType "team-tourn"]
[EventRounds "9"]
[EventCountry "SLO"]
[SourceTitle "EXT 2022"]
[Source "ChessBase"]
[SourceDate "2021.10.06"]
[SourceVersion "1"]
[SourceVersionDate "2021.10.06"]
[SourceQuality "1"]
[WhiteTeam "Komenda Popotnik"]
[BlackTeam "Domzale SD"]
[WhiteTeamCountry "SLO"]
[BlackTeamCountry "SLO"]

1. e4 c5 2. Nf3 Nc6 3. d4 cxd4 4. Nxd4 g6 5. c4 Bg7 6. Be3 Nf6 7. Nc3 0-0 8. Be2 b6 9. 0-0 Bb7 10. f3 e6 11. Rc1 d5 12. Nxc6 Bxc6 13. cxd5 exd5 14. e5 Ne8 15. f4 f6 16. Nb5 Bxb5 17. Bxb5 fxe5 18. Bc6 Rb8 19. Qxd5+ Qxd5 20. Bxd5+ Kh8 21. fxe5 Rxf1+ 22. Rxf1 Nc7 23. Bc4 Bxe5 24. Rf7 Re8 25. Bg5 b5 26. Bb3 Ne6 27. Bxe6 Rxe6 28. Bh6 Bd4+ 29. Kf1 Rf6+ 30. Rxf6 Bxf6 31. b3 Kg8 32. Ke2 Kf7 33. Be3 a6 34. Kd3 Ke6 35. Ke4 Bb2 36. Bd4 Ba3 37. h3 Bf8 38. Bc3 Bc5 39. Ba5 Bf2 40. a3 Bg3 41. Bb4 Bf2 42. Kf4 Bd4 43. Ke4 Bf2 44. Bc3 Bg3 45. Bd4 Be1 46. Be3 Bc3 47. Kd3 Bb2 48. a4 bxa4 49. bxa4 Kd5 50. Bd2 Bd4 51. Be1 1/2-1/2

[Event "Ljubljana-chT"]
[Site "Gostovanja"]
[Date "2009.01.15"]
[Round "2.4"]
[White "Rebernik, Bostjan"]
[Black "Peteh, Uros"]
[Result "1/2-1/2"]
[WhiteElo "2086"]
[BlackElo "2022"]
[PlyCount "30"]
[EventDate "2009.01.08"]
[EventType "team-tourn"]
[EventRounds "9"]
[EventCountry "SLO"]
[SourceTitle "EXT 2011"]
[Source "ChessBase"]
[SourceDate "2010.11.26"]
[SourceVersion "1"]
[SourceVersionDate "2010.11.26"]
[SourceQuality "1"]

1. e4 e5 2. Nf3 Nc6 3. Bb5 a6 4. Ba4 Nf6 5. 0-0 Be7 6. Re1 b5 7. Bb3 d6 8. c3 Na5 9. Bc2 c5 10. d4 Qc7 11. Nbd2 0-0 12. Nf1 cxd4 13. cxd4 Nc6 14. d5 Nb8 15. Ng3 g6 1/2-1/2

[Event "Ljubljana-chT"]
[Site "Gostovanja"]
[Date "2009.01.08"]
[Round "1.4"]
[White "Debevec, Blaz"]
[Black "Rebernik, Bostjan"]
[Result "1/2-1/2"]
[WhiteElo "1979"]
[BlackElo "2086"]
[PlyCount "117"]
[EventDate "2009.01.08"]
[EventType "team-tourn"]
[EventRounds "9"]
[EventCountry "SLO"]
[SourceTitle "EXT 2011"]
[Source "ChessBase"]
[SourceDate "2010.11.26"]
[SourceVersion "1"]
[SourceVersionDate "2010.11.26"]
[SourceQuality "1"]

1. e4 c5 2. Nf3 Nc6 3. d4 cxd4 4. Nxd4 g6 5. Nc3 Bg7 6. Be3 Nf6 7. Bc4 0-0 8. Bb3 a5 9. a4 Ng4 10. Qxg4 Nxd4 11. Qh4 Nxb3 12. cxb3 Ra6 13. 0-0 Re6 14. Rac1 b6 15. Nd5 Bb7 16. Rc2 f5 17. Bg5 Bxd5 18. exd5 Re4 19. f4 Bd4+ 20. Kh1 Bf6 21. Bxf6 Rxf6 22. Rfc1 Rf8 23. Qf2 Qa8 24. Qd2 Qa6 25. Rc4 Rxc4 26. bxc4 Qc8 27. b3 Qc5 28. Re1 Rf6 29. Qb2 Kf7 30. Qe5 Qd6 31. h3 h6 32. Qe3 Qc5 33. Qe2 Qd6 34. Kg1 Qc5+ 35. Kf1 Qd6 36. Qe3 Qc5 37. Qe5 Qd6 38. Kf2 g5 39. g3 gxf4 40. gxf4 Qb4 41. Re2 e6 42. dxe6+ dxe6 43. Qc7+ Kg6 44. Qd8 Qxb3 45. Kg1 Qc3 46. Rg2+ Kh5 47. Qd1+ Kh4 48. Rg4+ Kxh3 49. Rg2 Qe3+ 50. Kh1 Kh4 51. Qd8 Qc1+ 52. Rg1 Qc3 53. Rg2 Kh3 54. Qd1 Kh4 55. Qg1 Qf3 56. Qe1+ Kh5 57. Qg1 Kh4 58. Qe1+ Kh5 59. Qg1 1/2-1/2

[Event "SLO-chT1 West"]
[Site "Ljubljana"]
[Date "2008.11.15"]
[Round "3.6"]
[White "Praznik, Anton"]
[Black "Rebernik, Bostjan"]
[Result "1/2-1/2"]
[WhiteElo "2228"]
[BlackElo "2086"]
[PlyCount "63"]
[EventDate "2008.11.13"]
[EventType "team-tourn"]
[EventRounds "9"]
[EventCountry "SLO"]
[SourceTitle "EXT 2010"]
[Source "ChessBase"]
[SourceDate "2010.11.25"]
[SourceVersion "1"]
[SourceVersionDate "2010.11.25"]
[SourceQuality "1"]
[WhiteTeam "Vrhnika"]
[BlackTeam "Domzale"]
[WhiteTeamCountry "SLO"]
[BlackTeamCountry "SLO"]

1. e4 c5 2. c4 Nc6 3. Nc3 Nf6 4. g3 e6 5. Bg2 d5 6. exd5 exd5 7. Nxd5 Nxd5 8. Bxd5 Nb4 9. Be4 f5 10. Bb1 Be6 11. Qe2 Qe7 12. d3 0-0-0 13. Nf3 Bf7 14. Ne5 Bh5 15. Qxh5 Qxe5+ 16. Qe2 Bd6 17. Qxe5 Bxe5 18. d4 Rxd4 19. Bxf5+ Kc7 20. 0-0 g6 21. Be6 Re8 22. Bd5 Nxd5 23. cxd5 Rxd5 24. Re1 Kd7 25. Rb1 Bd4 26. Rxe8 Kxe8 27. b3 Rf5 28. Bf4 g5 29. Re1+ Kd7 30. Be3 Bxe3 31. Rxe3 b5 32. Kf1 1/2-1/2

[Event "SLO-chT2"]
[Site "Ljubljana"]
[Date "2007.11.16"]
[Round "2.5"]
[White "Brcar, Andrej"]
[Black "Rebernik, Bostjan"]
[Result "1/2-1/2"]
[WhiteElo "2076"]
[BlackElo "2083"]
[PlyCount "149"]
[EventDate "2007.11.15"]
[EventType "team"]
[EventRounds "9"]
[EventCountry "SLO"]
[SourceTitle "CBM 121 Extra"]
[Source "ChessBase"]
[SourceDate "2008.01.10"]
[SourceVersion "1"]
[SourceVersionDate "2008.01.10"]
[SourceQuality "1"]
[WhiteTeam "Trebnje BMP"]
[BlackTeam "Domzale"]
[WhiteTeamCountry "SLO"]
[BlackTeamCountry "SLO"]

1. e4 c5 2. c3 d5 3. exd5 Qxd5 4. d4 Nf6 5. Nf3 e6 6. Be2 Nc6 7. 0-0 cxd4 8. cxd4 Be7 9. Nc3 Qd6 10. Nb5 Qd8 11. Ne5 0-0 12. Be3 Nd5 13. Nxc6 bxc6 14. Nc3 Nxe3 15. fxe3 e5 16. Bf3 exd4 17. Qxd4 Qxd4 18. exd4 Rb8 19. Bxc6 Rxb2 20. Nd5 Bg5 21. Rf2 Rb8 22. g3 Bb7 23. Bxb7 Rxb7 24. Rf5 h6 25. h4 Bd8 26. Re1 Rd7 27. Rd1 Rd6 28. Nf4 Bb6 29. Rd5 Rc6 30. Rd2 Rfc8 31. Kf2 Rc2 32. Ke2 R8c4 33. Rxc2 Rxc2+ 34. Kf3 Rxa2 35. Nd3 g6 36. Rd7 Ra3 37. Ke4 f5+ 38. Ke3 Rc3 39. Ke2 Rc7 40. Rd6 Re7+ 41. Kf3 g5 42. hxg5 hxg5 43. Rg6+ Rg7 44. Rd6 g4+ 45. Kf2 Re7 46. Nb4 Re4 47. Nc6 Kf7 48. Rd7+ Ke6 49. Rh7 Bxd4+ 50. Nxd4+ Rxd4 51. Rxa7 Rd3 52. Ra5 Rf3+ 53. Kg2 Rb3 54. Kf2 Kf6 55. Rc5 Kg5 56. Ra5 Rb2+ 57. Kg1 Rd2 58. Kf1 Kf6 59. Rb5 Ke6 60. Ra5 Rd5 61. Ra4 Ke5 62. Kf2 Rd4 63. Ra8 Ke4 64. Re8+ Kd5 65. Rd8+ Ke5 66. Re8+ Kf6 67. Rf8+ Kg6 68. Rg8+ Kf7 69. Ra8 Rd3 70. Ra6 Rf3+ 71. Kg2 Rc3 72. Kf2 Ke7 73. Rb6 Kd7 74. Rf6 Rf3+ 75. Kg2 1/2-1/2

[Event "Portoroz op 9th"]
[Site "Portoroz"]
[Date "2007.09.30"]
[Round "5"]
[White "Siftar, Drago"]
[Black "Rebernik, Bostjan"]
[Result "0-1"]
[WhiteElo "2024"]
[BlackElo "2083"]
[PlyCount "72"]
[EventDate "2007.09.28"]
[EventType "swiss"]
[EventRounds "7"]
[EventCountry "SLO"]
[SourceTitle "CBM 120 Extra"]
[Source "ChessBase"]
[SourceDate "2007.11.01"]
[SourceVersion "1"]
[SourceVersionDate "2007.11.01"]
[SourceQuality "1"]

1. Nf3 c5 2. c4 Nc6 3. Nc3 e5 4. d3 Nge7 5. e4 d6 6. h3 g6 7. Nd5 Nxd5 8. cxd5 Ne7 9. Bd2 Bg7 10. Be2 0-0 11. Nh2 f5 12. Qc1 Kh8 13. 0-0 Ng8 14. Rb1 Nf6 15. Bg5 Qa5 16. Bxf6 Bxf6 17. a3 Bd7 18. b4 cxb4 19. axb4 Qb6 20. Qd2 Rac8 21. Nf3 Rc7 22. Rfc1 Rfc8 23. Rxc7 Qxc7 24. Kf1 a6 25. Ne1 Kg7 26. Kg1 Qc3 27. Qa2 Bb5 28. Kf1 Bg5 29. Rb3 Qc7 30. g3 fxe4 31. dxe4 Bc4 32. Bxc4 Qxc4+ 33. Kg1 Qxe4 34. f4 Be7 35. Ng2 Qxd5 36. Ne3 Rc1+ 0-1

[Event "SLO-chT1 West"]
[Site "Otocec"]
[Date "2006.11.16"]
[Round "1"]
[White "Aljancic, Martin"]
[Black "Rebernik, Bostjan"]
[Result "1-0"]
[WhiteElo "2178"]
[BlackElo "2073"]
[PlyCount "69"]
[EventDate "2006.11.16"]
[EventType "team"]
[EventRounds "9"]
[EventCountry "SLO"]
[SourceTitle "EXT 2008"]
[Source "ChessBase"]
[SourceDate "2007.11.25"]
[SourceVersion "1"]
[SourceVersionDate "2007.11.25"]
[SourceQuality "1"]

1. e4 c5 2. c3 d5 3. exd5 Qxd5 4. d4 Nf6 5. Nf3 e6 6. Be2 Be7 7. Na3 cxd4 8. Nb5 Qd8 9. Qxd4 0-0 10. Qxd8 Bxd8 11. 0-0 Nc6 12. Bf4 Nd5 13. Bd6 Be7 14. c4 Nf6 15. Bxe7 Nxe7 16. Rfd1 Bd7 17. Nd6 Bc6 18. Ne5 Rad8 19. Nxc6 bxc6 20. b4 Nf5 21. Nxf5 exf5 22. a4 Ne4 23. Bf3 f6 24. c5 Kf7 25. b5 Rxd1+ 26. Rxd1 Rc8 27. Bxe4 fxe4 28. b6 a5 29. Rd7+ Ke6 30. Rd6+ Ke5 31. Rxc6 Rd8 32. g3 Kd5 33. Rc7 Kc4 34. b7 Rb8 35. c6 1-0

[Event "SLO-chT Central 1st League"]
[Site "Slovenija"]
[Date "2006.10.06"]
[Round "4"]
[White "Rebernik, Bostjan"]
[Black "Kosir, Franci"]
[Result "1-0"]
[WhiteElo "2073"]
[BlackElo "2138"]
[PlyCount "76"]
[EventDate "2006.09.14"]
[EventType "team-tourn"]
[EventRounds "9"]
[EventCountry "SLO"]
[SourceTitle "EXT 2022"]
[Source "ChessBase"]
[SourceDate "2021.10.06"]
[SourceVersion "1"]
[SourceVersionDate "2021.10.06"]
[SourceQuality "1"]
[WhiteTeam "Domzale Vele"]
[BlackTeam "Sahara Dogs"]
[WhiteTeamCountry "SLO"]
[BlackTeamCountry "SLO"]

1. e4 c5 2. Nf3 d6 3. d4 cxd4 4. Nxd4 Nf6 5. Nc3 a6 6. Bc4 e6 7. Bb3 b5 8. 0-0 Be7 9. f4 Qb6 10. Be3 Qb7 11. e5 Ne4 12. Qg4 g6 13. Rad1 Nxc3 14. bxc3 d5 15. Qf3 Nc6 16. Nxc6 Qxc6 17. Rxd5 Bb7 18. Rd2 Qxc3 19. Qf2 Rc8 20. Rfd1 Bc6 21. Bd4 Qb4 22. c3 Qa3 23. Rd3 0-0 24. g4 Rfd8 25. f5 gxf5 26. gxf5 Kh8 27. fxe6 Rg8+ 28. Rg3 Rxg3+ 29. hxg3 fxe6 30. Bxe6 Rd8 31. Bf5 Rxd4 32. cxd4 Bg5 33. Bd3 Bd5 34. Qf5 Qe7 35. Re1 Be6 36. Qe4 Qd7 37. Rf1 Kg8 38. Qa8+ Bd8 1-0

[Event "SLO-chT2W"]
[Site "Bled"]
[Date "2003.11.15"]
[Round "7"]
[White "Rebernik, Bostjan"]
[Black "Illijin, Neboisa"]
[Result "0-1"]
[WhiteElo "2112"]
[BlackElo "2271"]
[PlyCount "44"]
[EventDate "2003.11.07"]
[EventType "team"]
[EventRounds "8"]
[EventCountry "SLO"]
[SourceTitle "EXT 2005"]
[Source "ChessBase"]
[SourceDate "2004.11.15"]
[SourceVersion "1"]
[SourceVersionDate "2004.11.15"]
[SourceQuality "1"]

1. e4 c5 2. Nf3 e6 3. d4 cxd4 4. Nxd4 a6 5. c4 Qc7 6. Nc3 Nc6 7. Be2 Nf6 8. 0-0 Bc5 9. Nxc6 dxc6 10. Bg5 e5 11. Qc2 Be6 12. Rad1 Nd7 13. Nd5 Qc8 14. b4 Bd4 15. Nf4 Nf8 16. Nh5 f6 17. Nxg7+ Kf7 18. Nxe6 Nxe6 19. Bh4 Qg8 20. c5 Qg6 21. Bd3 Kg7 22. Bc4 Ng5 0-1